|
|
|
|
| LEADER |
01285nam a2200301 a 4500 |
| 001 |
3929 |
| 003 |
BD-DhAAL |
| 005 |
20150523120803.0 |
| 008 |
150523s1997 nyua b 001 0 eng |
| 010 |
|
|
|a 96022572
|
| 020 |
|
|
|a 0070572720 (alk. paper)
|
| 040 |
|
|
|a DLC
|c DLC
|d DLC
|d BD-DhAAL
|
| 050 |
0 |
0 |
|a BF76.5
|b .S46 1997
|
| 082 |
0 |
0 |
|a 150/.72
|2 20
|
| 100 |
1 |
|
|a Shaughnessy, John J.,
|d 1947-
|9 11322
|
| 245 |
1 |
0 |
|a Research methods in psychology /
|c John J. Shaughnessy, Eugene B. Zechmeister.
|
| 250 |
|
|
|a 4th ed.
|
| 260 |
|
|
|a New York :
|b McGraw-Hill,
|c c1997.
|
| 300 |
|
|
|a xvii, 524 p. :
|b ill. ;
|c 25 cm.
|
| 504 |
|
|
|a Includes bibliographical references (p. 493-508) and indexes.
|
| 541 |
|
|
|e 3929
|
| 650 |
|
0 |
|a Psychology
|x Research
|x Methodology
|v Textbooks.
|9 11030
|
| 650 |
|
0 |
|a Psychology, Experimental
|v Textbooks.
|9 11031
|
| 700 |
1 |
|
|a Zechmeister, Eugene B.,
|d 1944-
|9 11323
|
| 942 |
|
|
|2 ddc
|c BK
|
| 999 |
|
|
|c 34493
|d 34493
|
| 952 |
|
|
|0 0
|1 0
|2 ddc
|4 0
|6 150_720000000000000_SHA
|7 0
|9 53838
|a SCL
|b SCL
|c GEN
|d 2015-05-23
|e Gift: The Asia Foundation
|l 0
|o 150.72 SHA
|p 3020003929
|r 2015-05-23
|t 1
|w 2015-05-23
|y BK
|
| 952 |
|
|
|0 0
|1 0
|2 ddc
|4 0
|6 150_720000000000000_SHA
|7 0
|9 53984
|a SCL
|b SCL
|c GEN
|d 2015-06-01
|e Gift: The Asia Foundation
|l 1
|m 1
|o 150.72 SHA
|p 3020003946
|r 2022-08-22
|s 2022-07-29
|t 2
|w 2015-06-01
|y BK
|